000 01524nam a22002417a 4500
001 9755
003 FISKH
005 20260206123822.0
008 260206b cb ||||| |||| 00| 0 eng d
020 _a9781107621251
040 _aFISKH
_beng
_cFISKH
_dFISKH
050 _aPZ7
082 _a428.2
100 _aBoylan, Jane
_eAuthor
245 _aCambridge global English learner’s book 6 /
_cJane Boylan and Claire Medwell
260 _aNew York :
_bCambridge ,
_c2015.
300 _a141 pages :
_bcolor illustrations ;
_c28 cm
520 _aCambridge Global English (1-6) is a six-level Primary course following the Cambridge Primary English as a Second Language Curriculum Framework developed by Cambridge English Language Assessment. Learner's Book 6 provides the core input for Stage 6 with nine thematic units of study and five review spreads. Units end with an engaging project and opportunity for self-assessment. Richly illustrated units contain six lessons, each developed around a unifying theme. Materials feature skills-building tasks for listening, reading, writing and speaking. 'Use of English' features focus on language awareness, and 'Tips' boxes on specific skills. Texts included have variety: factual and fictional, dialogue and poetry covering a range of topics. Accompanying Audio CD includes listening material for Stage 6 Learner's and Activity Books 6. CEFR Level: A2 towards B1
650 _aLearner's book
700 _aMedwell, Claire
_eAuthor
942 _2ddc
_cBK
_n0
999 _c9755
_d9755